| 000 | 00838cam a22002417a 4500 | ||
|---|---|---|---|
| 001 | 14013117 | ||
| 005 | 20121219123158.0 | ||
| 008 | 050623s2006 gw a b 001 0 eng d | ||
| 020 | _a3642065724 | ||
| 020 | _a9783642065729 | ||
| 082 | 0 | 0 |
_a333.714 _222 _bLER |
| 100 | 1 |
_aLerche, I. _q(Ian) _931736 |
|
| 245 | 1 | 0 |
_aEnvironmental Risk Assessment : _bQuantitative Measures, Anthropogenic Influences, Human Impact / _cIan Lerche, Walter Glaesser. |
| 260 |
_aBerlin : _bSpringer, _c2006. |
||
| 300 |
_axii, 343 p. : _bill. ; _c25 cm. |
||
| 504 | _aIncludes bibliographical references (p. [329]-339) and index. | ||
| 650 | 0 |
_aEnvironmental impact analysis. _931737 |
|
| 650 | 0 |
_aRisk assessment. _931738 |
|
| 650 | 0 |
_aHealth risk assessment. _931739 |
|
| 653 |
_bChe _cDecember2012 |
||
| 700 | 1 |
_aGlasser, Walter. _931740 |
|
| 942 |
_2ddc _cBB |
||
| 999 |
_c17144 _d17116 |
||